Municipalities of Shawano County, Wisconsin - Statistics

General Stats
  • This quiz has been taken 36 times
  • The average score is 7 of 50
Answers on the Map
Answers color-coded by a green-red scale on the quiz's map according to % correct below.
 
Answer Stats
Answer % Correct
City of Shawano
100%
Census Designated Place of Pella
50%
Town of Pella
50%
Town of Washington
33%
Village of Bonduel
33%
Village of Cecil
33%
Village of Gresham
33%
Village of Pulaski
33%
Village of Tigerton
33%
Census Designated Place of Angelica
17%
Census Designated Place of Green Valley
17%
Census Designated Place of Krakow
17%
Census Designated Place of Leopolis
17%
Census Designated Place of Pulcifer
17%
Census Designated Place of Tilleda
17%
City of Marion
17%
Town of Angelica
17%
Town of Birnamwood
17%
Town of Green Valley
17%
Town of Maple Grove
17%
Town of Richmond
17%
Town of Wescott
17%
Town of Wittenberg
17%
Village of Birnamwood
17%
Village of Bowler
17%
Village of Eland
17%
Village of Wittenberg
17%
Census Designated Place of Caroline
0%
Census Designated Place of Middle Village
0%
Census Designated Place of Navarino
0%
Census Designated Place of Paac Ciinak
0%
Census Designated Place of Thornton
0%
Town of Almon
0%
Town of Aniwa
0%
Town of Bartelme
0%
Town of Belle Plaine
0%
Town of Fairbanks
0%
Town of Germania
0%
Town of Grant
0%
Town of Hartland
0%
Town of Herman
0%
Town of Hutchins
0%
Town of Lessor
0%
Town of Morris
0%
Town of Navarino
0%
Town of Red Springs
0%
Town of Seneca
0%
Town of Waukechon
0%
Village of Aniwa
0%
Village of Mattoon
0%
No matching quizzes found
Score Distribution
Percent of People with Each Score
Percentile by Number Answered
Your Score History
You have not taken this quiz